Score 0/37 Timer 04:00
13 Plays Today
Year Team % Correct
1994-95Manchester United
99.2%
1997-98Manchester United
99.2%
1998-99Manchester United
99.2%
1999-2000Manchester United
99.2%
2010-11Manchester United
99.2%
2011-12Manchester United
99.2%
2019-20Manchester City
98.2%
2017-18Manchester City
97.6%
2004-05Arsenal
97.5%
2005-06Arsenal
97.5%
2011-12Arsenal
97%
2012-13Arsenal
97%
2009-10Chelsea
96.6%
2009-10Chelsea
96.6%
2009-10Chelsea
96.6%
2009-10Chelsea
96.6%
2012-13Chelsea
96%
2016-17Tottenham Hotspur
93.8%
1998-99Liverpool
93.8%
Year Team % Correct
2019-20Leicester City
92.5%
1999-2000Tottenham Hotspur
91.1%
2009-10Tottenham Hotspur
91.1%
2013-14Manchester City
88.4%
1996-97Everton
85.8%
2007-08Everton
85.8%
1993-94Newcastle United
81.9%
1996-97Newcastle United
81.9%
1999-2000Newcastle United
81.9%
1992-93Blackburn Rovers
74.7%
1995-96Blackburn Rovers
74.7%
1997-98Blackburn Rovers
74.7%
2001-02Blackburn Rovers
74.7%
2014-15Southampton
71.5%
1994-95Aston Villa
71.3%
2007-08Portsmouth
43.3%
2007-08Middlesbrough
42.6%
1994-95Nottingham Forest
38.7%

You're not logged in!

Compare scores with friends on all Sporcle quizzes.
OR
Log In

Sporcle TV

Today on Sporcle TV


Watch our educational content, quiz creation guides, and fun videos on Sporcle TV.

Show Comments

Extras

Top Quizzes Today


Score Distribution

Paid Content

Your Account Isn't Verified!

In order to create a playlist on Sporcle, you need to verify the email address you used during registration. Go to your Sporcle Settings to finish the process.

Report this User

Report this user for behavior that violates our Community Guidelines.

Details: